Everyone who ever appeared on Forbes' list of richest dead celebrities - Statistics

General Stats
  • This quiz has been taken 4 times
  • The average score is 27 of 73
Answer Stats
Date Age Cause Answer % Correct
August 16th, 1977 42 Heart attack Elvis Presley
100%
September 30th, 1955 24 Car accident James Dean
100%
March 23rd, 2011 79 Heart failure Elizabeth Taylor
75%
December 8th, 1980 40 Homicide John Lennon
75%
April 5th, 1994 27 Suicide Kurt Cobain
75%
June 25th, 2009 50 Overdose Michael Jackson
75%
June 23rd, 2006 83 Stroke Aaron Spelling
50%
October 14th, 1977 74 Heart attack Bing Crosby
50%
January 10th, 2016 69 Liver cancer David Bowie
50%
May 14th, 1998 82 Heart attack Frank Sinatra
50%
November 24th, 1991 45 AIDS Freddy Mercury
50%
July 11th, 1937 38 Brain cancer George Gershwin
50%
November 29th, 2001 58 Lung cancer George Harrison
50%
July 13th, 2010 80 Heart attack George Steinbrenner
50%
August 17th, 1983 86 Heart disease Ira Gershwin
50%
September 18th, 1970 27 Overdose Jimi Hendrix
50%
January 26th, 2020 41 Helicopter accident Kobe Bryant
50%
August 4th, 1962 36 Overdose/suicide Marilyn Monroe
50%
July 1st, 2004 80 Heart attack Marlon Brando
50%
October 28th, 2023 54 Overdose Matthew Perry
50%
September 28th, 1991 65 Stroke Miles Davis
50%
June 3rd, 2016 74 Sepsis Muhammad Ali
50%
March 9th, 1997 24 Homicide Notorious B. I. G.
50%
April 21st, 2016 57 Overdose Prince
50%
September 13th, 1996 25 Homicide Tupac Shakur
50%
February 11th, 2012 48 Overdose Whitney Houston
50%
June 14th, 1986 67 Lung cancer Alan Jay Lerner
25%
April 18th, 1955 76 Aneurysm Albert Einstein
25%
February 22nd, 1987 58 Arrhythmia Andy Warhol
25%
September 25th, 2016 87 Heart disease Arnold Palmer
25%
December 11th, 2008 85 Heart attack Bettie Page
25%
May 11th, 1981 36 Skin cancer Bob Marley
25%
July 20th, 1973 32 Cerebral edema Bruce Lee
25%
February 13th, 2000 77 Colon cancer Charles M. Schultz
25%
October 15th, 1964 73 Kidney failure Cole Porter
25%
February 18th, 2001 49 Car accident Dale Earnhardt
25%
September 24th, 1991 87 Cancer Dr. Seuss
25%
February 14th, 1988 86 Heart attack Frederick Loewe
25%
June 19th, 2014 75 Natural causes Gerry Goffin
25%
January 22nd, 2008 28 Overdose Heath Ledger
25%
September 27th, 2017 91 Sepsis Hugh Hefner
25%
September 22nd, 1989 101 Heart attack Irving Berlin
25%
December 25th, 2006 73 Heart failure James Brown
25%
August 5th, 1992 38 Heart attack Jeff Porcaro
25%
August 9th, 1995 53 Heart attack Jerry Garcia
25%
September 1st, 2023 76 Skin cancer Jimmy Buffett
25%
September 12th, 2003 71 Diabetes Johnny Cash
25%
September 2nd, 1973 81 Pneumonia J. R. R. Tolkien
25%
August 28th, 2016 66 Heart attack Juan Gabriel
25%
December 8th, 2019 21 Overdose Juice Wrld
25%
February 16th, 1990 31 AIDS Keith Haring
25%
November 7th, 2016 82 Fatal fall Leonard Cohen
25%
July 1st, 2005 54 Stroke Luther Vandross
25%
April 1st, 1984 44 Homicide Marvin Gaye
25%
November 4th, 2008 66 Lymphoma Michael Crichton
25%
March 31st, 2019 33 Homicide Nipsey Hussle
25%
August 23rd, 1960 65 Stomach cancer Oscar Hammerstein
25%
September 26th, 2008 83 Lung cancer Paul Newman
25%
November 30th, 2013 40 Car accident Paul Walker
25%
June 10th, 2004 73 Liver failure Ray Charles
25%
May 20th, 2013 74 Bile duct cancer Ray Manzarek
25%
December 30th, 1979 77 Cancer Richard Rodgers
25%
September 15th, 2008 65 Lung cancer Richard Wright
25%
September 15th, 2019 75 Heart disease Ric Ocasek
25%
November 23rd, 1990 74 Leukemia Roald Dahl
25%
April 17th, 2003 72 Head trauma Robert Atkins
25%
March 12th, 2001 73 Heart attack Robet Ludlum
25%
November 7th, 1980 50 Lung cancer Steve McQueen
25%
November 9th, 2004 50 Heart attack Stieg Larsson
25%
July 7th, 2006 60 Pancreatic cancer Syd Barret
25%
October 2nd, 2017 66 Overdose Tom Petty
25%
June 20th, 2018 20 Homicide XXXTentacion
25%
June 1st, 2008 71 Brain cancer Yves Saint Laurent
25%
No matching quizzes found
Score Distribution
Percent of People with Each Score
Percentile by Number Answered
Your Score History
You have not taken this quiz